• 首页
  • 本馆介绍
  • 公告通知
  • 最新文献
  • 馆藏检索
  • 电子资源
  • 读者导购
  • 参考咨询
  • 我的图书馆
  • 登录
  • 详细信息显示
  • 放入我的书架
  • 预约/预借图书
  • 作者相关作品
  • 分类相关作品
  • 丛书相关作品
  • 出版社相关作品

书目信息

  • 表格格式
  • 工作单格式
  • 卡片格式
题名:
高等数学
    
 
作者: 郭学军 主编
分册: 下册  
出版信息: 北京   科学出版社  2012.08
页数: 263页
开本: 26cm
丛书名:
单 册:
中图分类: O13
科图分类:
主题词: 高等数学--gao deng shu xue--高等教育--教材
电子资源:
ISBN: 978-7-03-035011-4
000 00849nam0 2200253 450
001 2031102526
005 20201120090245.03
010    @a978-7-03-035011-4@dCNY38.50
100    @a20121124e20192012em y0chiy0110 ea
101 0  @achi
102    @aCN@b110000
105    @ay z 000yy
106    @ar
200 1  @a高等数学@9gao deng shu xue@h下册@f郭学军主编
210    @a北京@c科学出版社@d2012.08@h2019.07
215    @a263页@d26cm
300    @a普通高等教育“十二五”规划教材
312    @a封面英文题名:Advanced mathematics
330    @a本书主要内容包括:函数、极限与连续、导数与微分、导数应用、不定积分、定积分、向量代数与空间解析几何、多元函数微分学等。
606 0  @a高等数学@9gao deng shu xue@x高等教育@j教材
690    @aO13@v5
701  0 @a郭学军@9guo xue jun@4主编
801  0 @aCN@bBJSZM@c20201119
905    @b1214830-3@dO13@e1003:2@f4@v2
    
    高等数学.下册/郭学军主编.-北京:科学出版社,2012.08(2019.07)
    263页;26cm
    普通高等教育“十二五”规划教材
    
    ISBN 978-7-03-035011-4:CNY38.50
    本书主要内容包括:函数、极限与连续、导数与微分、导数应用、不定积分、定积分、向量代数与空间解析几何、多元函数微分学等。
●
相关链接 在E读中查询图书 在五车中查询图书 在当当中查询图书 在豆瓣中查询图书


正题名:高等数学     索取号:O13/1003:2         预约/预借

序号 登录号 条形码 馆藏地/架位号 状态 备注
1 1214830   212148308   第二样本阅览室/ [索取号:O13/1003:2] 在馆    
2 1214831   212148317   第三借阅区/ [索取号:O13/1003:2] 在馆    
3 1214832   212148326   第三借阅区/ [索取号:O13/1003:2] 在馆    
4 1214833   212148335   第三借阅区/ [索取号:O13/1003:2] 在馆    
唐山师范学院图书馆 欢迎您!
大连网信软件有限公司© 版权所有